| Tag |
First Indicator |
Second Indicator |
Subfields |
| LEADER |
00000cam a2200000Ia 4500 |
| 001 |
in00002340721 |
| 005 |
20151108051019.0 |
| 008 |
070519s2007 pau 000 0 eng d |
| 020 |
|
|
|a 9780764327186
|
| 020 |
|
|
|a 0764327186
|
| 035 |
|
|
|a (OCoLC)ocn154768822
|
| 035 |
|
|
|a (OCoLC)154768822
|
| 040 |
|
|
|a BTCTA
|c BTCTA
|d YDXCP
|d BAKER
|d TXA
|d UtOrBLW
|
| 049 |
|
|
|a TXAM
|
| 090 |
|
|
|a GV749.H45
|b N49 2007
|
| 100 |
1 |
|
|a Newman, James A.
|
| 245 |
1 |
0 |
|a Modern sports helmets :
|b their history, science, and art /
|c James A. Newman.
|
| 264 |
|
1 |
|a Atglen, PA :
|b Schiffer Publishing Ltd.,
|c 2007.
|
| 300 |
|
|
|a 256 pages :
|b illustrations (chiefly color) ;
|c 23 x 29 cm.
|
| 336 |
|
|
|a text
|b txt
|2 rdacontent
|
| 337 |
|
|
|a unmediated
|b n
|2 rdamedia
|
| 338 |
|
|
|a volume
|b nc
|2 rdacarrier
|
| 504 |
|
|
|a Includes bibliographical references (pages 254-255).
|
| 650 |
|
0 |
|a Sports uniforms.
|
| 650 |
|
0 |
|a Helmets.
|
| 938 |
|
|
|a Baker and Taylor
|b BTCP
|n BK0007279481
|
| 938 |
|
|
|a YBP Library Services
|b YANK
|n 2596859
|
| 938 |
|
|
|a Baker & Taylor
|b BKTY
|c 49.95
|d 37.46
|i 0764327186
|n 0007279481
|s active
|
| 945 |
|
|
|a PromptCat
|b 259066
|
| 946 |
|
|
|a stk
|
| 947 |
|
|
|a A14836485120
|
| 994 |
|
|
|a C0
|b TXA
|
| 948 |
|
|
|a cataloged
|b h
|c 2008/1/15
|d c
|e nbehmer
|f 10:39:52 am
|
| 999 |
|
|
|a MARS
|
| 999 |
f |
f |
|s a55a135b-c984-3d18-899a-ee8e81013d5a
|i b8d43d02-5e2f-3aa5-a223-779f528a29a6
|t 0
|
| 952 |
f |
f |
|p ric
|a Texas A&M University
|b Rellis Campus
|c Joint Library Facility
|d Remote Storage
|t 0
|e GV749.H45 N49 2007
|h Library of Congress classification
|i unmediated -- volume
|m A14836485120
|
| 998 |
f |
f |
|a GV749.H45 N49 2007
|t 0
|l Remote Storage
|